Statistiques concernant Retrouvez ces joueurs de football #4

Cliquez ici pour prendre le quiz!

Statistiques générales

  • Ce quiz a été pris 746 fois
  • Le résultat moyen est 9 sur 15

Statistiques - réponses

Réponse% Correct
Edinson Cavani
91%
Mario Balotelli
84%
Arturo Vidal
82%
Kalidou Koulibaly
77%
Fernandinho
73%
Douglas Costa
65%
Jorginho
65%
Lucas Digne
63%
Jonathan David
62%
Michy Batshuayi
56%
Alessandro Florenzi
54%
Kurt Zouma
50%
Tim Howard
42%
Allan
32%
Sander Berge
16%

Distribution des résultats

Percentile par nombre de réponses

% des personnes avec chaque résultat

Votre développement - résultats

Vous n’avez pas pris ce quiz